| 000 | 00897nam a2200217Ii 4500 | ||
|---|---|---|---|
| 003 | JO-AjNU | ||
| 008 | 230605s9999||||xx |||||||||||||| ||und|| | ||
| 017 | _a2009/2/717 | ||
| 040 |
_aJO-AjNU _bara _erda _cJO-AjNU |
||
| 041 | _aara | ||
| 050 | 1 | 4 | _aKBP640.43.A273.U24.2009 |
| 100 | 3 |
_a عبيدات ، رافع محمد الفندي , _eauthor _911790 |
|
| 245 | 0 | 0 | _aفقة المعاملات على مذهب أبي حنيفة النعمان |
| 250 | _a(د،ط) | ||
| 264 | 3 | 1 | _aاربد : عالم الكتب الحديث ، 2009 |
| 300 |
_a464ص _bيشتمل على قائمة المصادر والمراجع الببلوغرافية ص ( 449 - 451 ) |
||
| 336 |
_atext _btxt _2rdacontent |
||
| 337 |
_aunmediated _bn _2rdamedia |
||
| 338 |
_avolume _bnc _2rdacarrier |
||
| 650 | 4 |
_aفقة المعاملات - الفقة الاسلامي - المذهب الحنفي - الاسلام _911791 |
|
| 999 |
_aA2505 _c6073 _d6073 |
||